PSG Squad 2021-2022 - Statistics

General Stats
  • This quiz has been taken 2,572 times
  • The average score is 17 of 27
Answer Stats
Nationality Position Number Player Name % Correct
France LW/ST 7 Kylian Mbappe
98%
Brazil LW 10 Neymar
97%
Morocco RB 2 Achraf Hakimi
96%
Costa Rica GK 1 Keylor Navas
94%
Argentina RW 30 Lionel Messi
94%
Italy CM 6 Marco Verratti
91%
Brazil CB 5 Marquinhos
89%
Spain CB 4 Sergio Ramos
89%
France CB 3 Presnel Kimpembe
87%
Argentina RW 11 Angel Di Maria
86%
Argentina ST 9 Mauro Icardi
77%
Argentina CM 8 Leonardo Paredes
74%
Portugal LB 25 Nuno Mendes
72%
Spain LB 14 Juan Bernat
69%
Germany LM/CAM 23 Julian Draxler
65%
Senegal CM 27 Idrissa Gana Gueye
64%
Portugal CDM 15 Danilo Pereira
63%
Netherlands CM 18 Georginio Wijnaldum
58%
Germany CB 24 Thilo Kehrer
50%
Senegal CB 22 Abdou Diallo
47%
Spain CM 21 Ander Herrera
41%
France RB 17 Colin Dagba
36%
France RB 20 Layvin Kurzawa
33%
France GK 60 Alexandre Letellier
29%
Italy GK 50 Gianluigi Donnarmma
3%
France CB 36 Eric Ebimbe
2%
France CB 39 Nathan Bitumazala
2%
No matching quizzes found
Score Distribution
Percent of People with Each Score
Percentile by Number Answered
Your Score History
You have not taken this quiz